| 000 | 00848nam a2200229 a 4500 | ||
|---|---|---|---|
| 001 | 39877 | ||
| 003 | BD-RjUL | ||
| 005 | 20211209053058.0 | ||
| 008 | 160419r19851970bg ||||| |||| 00| 0 ben d | ||
| 020 | _c: TK 60.00 | ||
| 035 | _a(BD-RjUL)39991 | ||
| 040 |
_aBD-RjUL _bben _cBD-RjUL |
||
| 041 | _aben | ||
| 082 |
_223 _a576 _bSAJ 1985 |
||
| 100 | 1 |
_aসামাদ, এবনে গোলাম _9122847 |
|
| 245 | 1 | 0 |
_aজীবাণুতত্ত্ব / _cএবনে গোলাম সামাদ |
| 260 |
_aঢাকা : _bবাংলা একাডেমী, _c১৯৭০, [পুনর্মুদ্রণ ১৯৮৫] |
||
| 300 |
_a[৬], ২১৮ পৃ. : _bচিত্র ; _c২১ সেমি. |
||
| 650 |
_aMicrobiology _9122848 |
||
| 650 |
_aজীবাণুতত্ত্ব _9122849 |
||
| 942 |
_2ddc _cBK |
||
| 999 |
_c39877 _d39877 |
||